LEADER 01806nam0 2200361 i 450 001 TO00363735 005 20251003044405.0 010 $a8814056439 020 $aIT$b97-1401 100 $a20130827d1996 ||||0itac50 ba 101 | $aita 102 $ait 181 1$6z01$ai $bxxxe 182 1$6z01$an 200 1 $aImposte di registro e di successione$eprofili soggettivi ed implicazionicostituzionali$fSimone Ghinassi 210 $aMilano$cA. Giuffrè$d1996 215 $aXIII, 166 p.$d24 cm. 225 | $aˆL'‰ordinamento tributario italiano 410 0$1001CFI0003066$12001 $aˆL'‰ordinamento tributario italiano 606 $aTassa di registro$xLegislazione$2FIR$3CFIC002585$9E 606 $aTasse di successione$xLegislazione$2FIR$3CFIC010572$9I 676 $a343.05$9DIRITTO RELATIVO A SPECIFICI TIPI D'IMPOSTA.$v12 676 $a343.05$9DIRITTO IN MATERIA MILITARE, DI DIFESA, DI PROPRIETA' PUBBLICA, DIRITTO FINANZIARIO, TRIBUTARIO, IN MATERIA DI COMMERCIO, IN MATERIA INDUSTRIALE. Tipi di imposta secondo la base impositiva$v14 676 $a343.45055$9IMPOSTE INDIRETTE. ITALIA$v19 700 1$aGhinassi$b, Simone$3TO0V169546$4070$0407200 801 3$aIT$bIT-000000$c20130827 850 $aIT-BN0095 901 $bNAP 01$cPOZZO LIB.$nVi sono collocati fondi di economia, periodici di ingegneria e scienze, periodici di economia e statistica e altri fondi comprendenti documenti di economia pervenuti in dono. 912 $aTO00363735 950 0$aBiblioteca Centralizzata di Ateneo$c1 v.$d 01POZZO LIB.ECON MON 105$e 0101 0000040305E VMA 1 v. Precedente collocazione DASES B 0917)$fB $h20090409$i20090409 977 $a 01 996 $aImposte di registro e di successione$967378 997 $aUNISANNIO